Η θέση της Κύπρου στους σχεδιασμούς και τις επιχειρήσεις στρατιωτικών επεμβάσεων στην ευρύτερη Μέση Ανατολή (1945-1967)
Αποθηκεύτηκε σε:
| Κύριος συγγραφέας: | |
|---|---|
| Συγγραφή απο Οργανισμό/Αρχή: | |
| Μορφή: | Βιβλίο |
| Γλώσσα: | Greek |
| Δημοσίευση: |
Λευκωσία :
Διεύθυνση Ιστορίας Εθνικής Φρουράς (ΓΕΕΦ/ΔΙΕΦ),
2020.
|
| Θέματα: | |
| Ετικέτες: |
Προσθήκη ετικέτας
Δεν υπάρχουν, Καταχωρήστε ετικέτα πρώτοι!
|
MARC
| LEADER | 00000cam a2200000 a 4500 | ||
|---|---|---|---|
| 001 | 1/121040 | ||
| 008 | 200304s2020####gr | ||| |||| ||gre|| | ||
| 020 | |a 9789963943388 | ||
| 040 | |a GR-MyUa |b gre |c GR-MyUa |e AACR2 | ||
| 041 | 0 | |a gre | |
| 082 | 7 | |a 355.03355693 |2 (23) | |
| 100 | 1 | |a Χατζηϊωακείμ, Νίκος. | |
| 245 | 1 | 2 | |a Η θέση της Κύπρου στους σχεδιασμούς και τις επιχειρήσεις στρατιωτικών επεμβάσεων στην ευρύτερη Μέση Ανατολή (1945-1967) / |c Νίκος Χατζηϊωακείμ ; Υπουργείο Άμυνας, Γενικό Επιτελείο Εθνικής Φρουράς, Διεύθυνση Ιστορίας Εθνικής Φρουράς. |
| 260 | |a Λευκωσία : |b Διεύθυνση Ιστορίας Εθνικής Φρουράς (ΓΕΕΦ/ΔΙΕΦ), |c 2020. | ||
| 300 | |a 256 σ. : |b εικ., φωτ., χάρτ. ; |c 24 εκ. | ||
| 500 | |a Περιέχει υποσημειώσεις. | ||
| 504 | |a Βιβλιογραφία: σ. 234-256. | ||
| 504 | |a Περιλαμβάνει βιβλιογραφικές παραπομπές. | ||
| 650 | 0 | |a Defensive (Military science) | |
| 651 | 0 | |a Cyprus |x Defenses. | |
| 651 | 0 | |a Cyprus |x Foreign relations. | |
| 651 | 0 | |a Middle East. | |
| 710 | 2 | |a Υπουργείο Άμυνας |b Γενικό Επιτελείο Εθνικής Φρουράς |b Διεύθυνση Ιστορίας ΕΘνικής Φρουράς . | |
| 852 | |a INST |b RHODES |e 20200304 |h 355.03355693 ΧΑΤ |p 005400041432 |q 005400041432 |t BK |y 0 | ||
| 920 | |a Υπουργείο Εθνικής Άμυνας |y Ρόδος |z 2020-03 | ||
| 970 | |a Μαρία |b Κωτάκου |z 04-03-2020 | ||